| 000 | 01237nam a2200229Ia 4500 | ||
|---|---|---|---|
| 001 | L140-991B | ||
| 003 | IT-CnALBA | ||
| 008 | 170116s9999||||xx |||||||||||||| ||und|| | ||
| 040 |
_aIT-CnALBA _cIT-CnALBA |
||
| 041 | _aITALIANO | ||
| 100 | _aFABRO P. CORNELIO, CSS. | ||
| 245 | 0 | _aINTRODUZIONE A S. TOMMASO. LA METAFISICA TOMISTA E IL PENSIERO MODERNO. | |
| 250 | _a1a ed. | ||
| 260 |
_a ROMA, MILANO. _bARES EDIZIONI _c1997 [1° Ed.:1997 - Ed.Ling.Originale: 1997] |
||
| 300 | _a336 p. | ||
| 500 | _aRAGIONE E FEDE. PREFAZIONE DI COTTIER G. BIOGRAFIA ESSENZIALE. OPERA DI S. TOMMASO. TOMISMO, FORMAZIONE. PRINCIPI. SVILUPPO STORICO. TOMISMO E MAGISTERO DELLA CHIESA. AUTORITÀ DI S. TOMMASO. SCOLASTICA E TOMISMO. NUCLEO. E PENSIERO MODERNO. IL FUTURO DEL | ||
| 501 | _aSocietà San Paolo EM - Piazza San Paolo, 14 - 12051 ALBA (CN) (non commercial uses only) ® Copyright 2017 | ||
| 520 | _aRAGIONE E FEDE. PREFAZIONE DI COTTIER G. BIOGRAFIA ESSENZIALE. OPERA DI S. TOMMASO. TOMISMO, FORMAZIONE. PRINCIPI. SVILUPPO STORICO. TOMISMO E MAGISTERO DELLA CHIESA. AUTORITÀ DI S. TOMMASO. SCOLASTICA E TOMISMO. NUCLEO. E PENSIERO MODERNO. IL FUTURO DEL | ||
| 650 | _aSISTEMI FILOSOFICI | ||
| 942 | _cBK | ||
| 957 | _71 | ||
| 999 |
_a52203 _bNO _g Copie: 1 _c304892 _d304892 |
||